[Event "JBLN West 0001 "]
[Site "Germany"]
[Date "2001.05.13"]
[Round "?"]
[White "Lichtenstein, Dennis"]
[Black "Colpe, Helge"]
[Result "0-1"]
[WhiteElo "1579"]
[BlackElo "1913"]
[PlyCount "40"]
[EventDate "2000.??.??"]
[EventType "team"]
[EventRounds "9"]
[EventCountry "GER"]
[SourceTitle "EXT 2003"]
[Source "ChessBase"]
[SourceDate "2002.11.25"]
[SourceVersion "1"]
[SourceVersionDate "2002.11.25"]
[SourceQuality "1"]

1. e4 e5 2. f4 exf4 3. Nf3 Be7 4. Bc4 Bh4+ 5. Kf1 d5 6. Bxd5 Nf6 7. Nc3 Nxd5 8. Nxd5 Bg4 9. Nxf4 Nc6 10. h3 Bxf3 11. Qxf3 Nd4 12. Qd1 Qf6 13. d3 g5 14. c3 Nc6 15. Qb3 0-0-0 16. d4 gxf4 17. e5 Qf5 18. Ke2 Nxe5 19. Qb5 f3+ 20. Kf1 fxg2+ 0-1

[Event "JBLN West 0001 "]
[Site "Germany"]
[Date "2000.12.17"]
[Round "?"]
[White "Reichhardt, Felix"]
[Black "Lichtenstein, Dennis"]
[Result "1-0"]
[WhiteElo "1472"]
[BlackElo "1579"]
[PlyCount "89"]
[EventDate "2000.??.??"]
[EventType "team"]
[EventRounds "9"]
[EventCountry "GER"]
[SourceTitle "EXT 2003"]
[Source "ChessBase"]
[SourceDate "2002.11.25"]
[SourceVersion "1"]
[SourceVersionDate "2002.11.25"]
[SourceQuality "1"]

1. e4 c5 2. Nf3 d6 3. Nc3 Nf6 4. Bc4 e6 5. d3 Be7 6. 0-0 0-0 7. e5 dxe5 8. Nxe5 Qc7 9. Bf4 Nc6 10. Ng6 e5 11. Nb5 Qb8 12. Bxe5 Nxe5 13. Nxe7+ Kh8 14. Nxc8 Nxc4 15. dxc4 Qxc8 16. Re1 Rd8 17. Qf3 a6 18. Nc3 Rd4 19. Nd5 Qc6 20. Nxf6 Qxf3 21. gxf3 gxf6 22. b3 Rg8+ 23. Kf1 Rh4 24. Re7 Rxh2 25. Ke2 b6 26. Rd1 Rgg2 27. Rf1 Rh5 28. Rxf7 Re5+ 29. Kd3 Re6 30. Rd7 Rg7 31. Rd5 h6 32. Rh1 Kh7 33. f4 Rf7 34. f5 Ree7 35. Rd6 Rd7 36. Rd5 Rxd5+ 37. cxd5 Re7 38. f4 Re8 39. Rg1 Rg8 40. Rxg8 Kxg8 41. Ke3 Kf7 42. Kf3 h5 43. c4 b5 44. Kg3 bxc4 45. bxc4 1-0

[Event "JBLN West 0001 "]
[Site "Germany"]
[Date "2000.09.24"]
[Round "?"]
[White "Opitz, Claudio"]
[Black "Lichtenstein, Dennis"]
[Result "1-0"]
[WhiteElo "1967"]
[BlackElo "1579"]
[PlyCount "81"]
[EventDate "2000.??.??"]
[EventType "team"]
[EventRounds "9"]
[EventCountry "GER"]
[SourceTitle "EXT 2003"]
[Source "ChessBase"]
[SourceDate "2002.11.25"]
[SourceVersion "1"]
[SourceVersionDate "2002.11.25"]
[SourceQuality "1"]

1. e4 c5 2. Nf3 d6 3. d4 cxd4 4. Nxd4 Nf6 5. Nc3 a6 6. Bc4 e6 7. Bb3 b5 8. 0-0 Be7 9. Be3 Qc7 10. f3 Nc6 11. a4 b4 12. Nxc6 Qxc6 13. a5 0-0 14. Na4 Nd7 15. Qd2 Bb7 16. Qxb4 Rac8 17. Nb6 Rcd8 18. Ba4 Qc7 19. Nxd7 Rxd7 20. Bb6 Qc8 21. Bxd7 Qxd7 22. Rad1 Rc8 23. c3 d5 24. Qd4 Qb5 25. exd5 Bxd5 26. Qf2 Rb8 27. Kh1 Bd6 28. Rfe1 Qc6 29. Bd4 f6 30. b4 Rc8 31. Qd2 Kf7 32. Rc1 g5 33. Qd3 f5 34. Kg1 h5 35. Be5 Bxe5 36. Rxe5 h4 37. c4 Bxc4 38. Qd4 h3 39. Rc5 Qe8 40. Rxc8 Qxc8 41. Qxc4 1-0